Statistics for Famous Mottos Quiz

Click here to take the quiz!

General Stats

  • This quiz has been taken 46,977 times
    (35,474 since last reset)
  • The average score is 8 of 17

Answer Stats

MottoGroup% Correct
Just Do ItNike
93%
I'm Lovin' ItMcDonald's
88%
Finger Lickin' GoodKFC
82%
In God We TrustUnited States
78%
Liberté, égalité, fraternitéFrance
60%
Semper FidelisU.S. Marines
56%
Be PreparedBoy Scouts
55%
To Protect and to ServeLos Angeles Police Department
54%
Workers of the world, unite!USSR
40%
Think DifferentApple
37%
YOLODrake
23%
Faster, Higher, StrongerThe Olympics
23%
Live Free or DieNew Hampshire
22%
Don't Be EvilGoogle
20%
Dieu et mon droit United Kingdom
18%
Ordem e progresso Brazil
17%
Where do you want to go today?Microsoft
12%

Score Distribution

Percentile by Number Answered

Percent of People with Each Score

Your Score History

You have not taken this quiz since the last reset